ბათუმის შოთა რუსთაველის სახელმწიფო უნივერსიტეტის ბიბლიოთეკა

The SCERTS model :a comprehensive educational approach for children with autism spectrum disorders (ბიბ.ჩანაწერი № 56811)

000 -LEADER
fixed length control field 01288cam a22003134a 4500
001 - CONTROL NUMBER
control field 14114486
005 - DATE AND TIME OF LATEST TRANSACTION
control field 20221107162549.0
008 - FIXED-LENGTH DATA ELEMENTS--GENERAL INFORMATION
fixed length control field 050920s2006 enk b 001 0 eng
010 ## - LIBRARY OF CONGRESS CONTROL NUMBER
LC control number 2005026703
020 ## - INTERNATIONAL STANDARD BOOK NUMBER
International Standard Book Number 9781557668189 X
020 ## - INTERNATIONAL STANDARD BOOK NUMBER
International Standard Book Number 1557668183 X
020 ## - INTERNATIONAL STANDARD BOOK NUMBER
International Standard Book Number 9781557666895 (v. 1) X
020 ## - INTERNATIONAL STANDARD BOOK NUMBER
International Standard Book Number 155766689X (v. 1) X
020 ## - INTERNATIONAL STANDARD BOOK NUMBER
International Standard Book Number 9781557668097 (v. 2)
020 ## - INTERNATIONAL STANDARD BOOK NUMBER
International Standard Book Number 1557668094 (v. 2)
041 ## - LANGUAGE CODE
Language code of text/sound track or separate title eng
050 00 - LIBRARY OF CONGRESS CALL NUMBER
Classification number LC4717
Item number .S28 2006
080 ## - UNIVERSAL DECIMAL CLASSIFICATION NUMBER
Universal Decimal Classification number 616.86 +371 T-44
082 00 - DEWEY DECIMAL CLASSIFICATION NUMBER
Edition number 22
245 04 - TITLE STATEMENT
Title The SCERTS model :a comprehensive educational approach for children with autism spectrum disorders
Remainder of title a comprehensive educational approach for children with autism spectrum disorders /
Statement of responsibility, etc. by Barry M. Prizant ... [et al.].
260 ## - PUBLICATION, DISTRIBUTION, ETC.
Place of publication, distribution, etc. Baltimore, Md. :
Name of publisher, distributor, etc. Paul H. Brookes Pub.,
Date of publication, distribution, etc. c2006
300 ## - PHYSICAL DESCRIPTION
Extent 390 p.:
Dimensions 28 cm.
650 #0 - SUBJECT ADDED ENTRY--TOPICAL TERM
Topical term or geographic name entry element Autistic children
General subdivision Education.
9 (RLIN) 617
653 ## - INDEX TERM--UNCONTROLLED
keyword აუტიზმის სპექტრის დარღვევების მქონე ბავშვთა ყოვლისმომცველი საგანმანათლებლო მიდგომა
653 ## - INDEX TERM--UNCONTROLLED
keyword მედიცინა
653 ## - INDEX TERM--UNCONTROLLED
keyword განათლება
700 1# - ADDED ENTRY--PERSONAL NAME
Personal name Prizant, Barry M.
9 (RLIN) 619
942 ## - ADDED ENTRY ELEMENTS (KOHA)
Source of classification or shelving scheme
Koha item type წიგნი
ეგზემპლარები
Withdrawn status Lost status Source of classification or shelving scheme Damaged status Not for loan Permanent Location Current Location Shelving location Date acquired Cost, normal purchase price Full call number Barcode Date last seen Copy number Price effective from Koha item type Public note
          ბათუმის შოთა რუსთაველის სახელმწიფო უნივერსიტეტის მთავარი ბიბლიოთეკა ბათუმის შოთა რუსთაველის სახელმწიფო უნივერსიტეტის მთავარი ბიბლიოთეკა წიგნსაცავი 2019-05-02 171.00 616.86 +371 T-44 59649 2019-05-02 59649 2019-05-02 წიგნი 171 gel.
          ბათუმის შოთა რუსთაველის სახელმწიფო უნივერსიტეტის მთავარი ბიბლიოთეკა ბათუმის შოთა რუსთაველის სახელმწიფო უნივერსიტეტის მთავარი ბიბლიოთეკა წიგნსაცავი 2019-05-02 171.00 616.86 +371 T-44 59650 2019-05-02 59650 2019-05-02 წიგნი 171 gel.
          ბათუმის შოთა რუსთაველის სახელმწიფო უნივერსიტეტის მთავარი ბიბლიოთეკა ბათუმის შოთა რუსთაველის სახელმწიფო უნივერსიტეტის მთავარი ბიბლიოთეკა წიგნსაცავი 2019-05-02 171.00 616.86 +371 T-44 59651 2019-05-02 59651 2019-05-02 წიგნი 171 gel
          ბათუმის შოთა რუსთაველის სახელმწიფო უნივერსიტეტის მთავარი ბიბლიოთეკა ბათუმის შოთა რუსთაველის სახელმწიფო უნივერსიტეტის მთავარი ბიბლიოთეკა წიგნსაცავი 2019-05-02 171.00 616.86 +371 T-44 59652 2019-05-02 59652 2019-05-02 წიგნი 171 gel.
          ბათუმის შოთა რუსთაველის სახელმწიფო უნივერსიტეტის მთავარი ბიბლიოთეკა ბათუმის შოთა რუსთაველის სახელმწიფო უნივერსიტეტის მთავარი ბიბლიოთეკა წიგნსაცავი 2019-05-02 171.00 616.86 +371 T-44 59653 2019-05-02 59653 2019-05-02 წიგნი 171 gel .